[Event "AUTO-ADV-1549"]
[Site "http://www.queenalice.com/game.php?id=687196"]
[Date "2009.11.22"]
[Round "1"]
[White "policialsergio"]
[Black "jpolgar99"]
[Result "0-1"]
[WhiteElo "1782"]
[BlackElo "1817"]

1. d4 Nf6 2. c4 g6 3. Nc3 Bg7 4. e4 d6 5. Nf3 O-O 6. Be2 e5 7. dxe5 dxe5 8. Qxd8
Rxd8 9. Nxe5 Nxe4 10. Nxe4 Bxe5 11. O-O Be6 12. Bg5 Rd4 13. Nd2 Nc6 0-1

[Event "AUTO-ADV-1549"]
[Site "http://www.queenalice.com/game.php?id=687197"]
[Date "2009.11.22"]
[Round "1"]
[White "jpolgar99"]
[Black "policialsergio"]
[Result "1-0"]
[WhiteElo "1832"]
[BlackElo "1767"]

1. e4 c5 2. Nf3 Nc6 3. d4 cxd4 4. Nxd4 d6 5. Nc3 a6 6. Be3 Nf6 7. f3 g6 8. Qd2
Bg7 9. Be2 O-O 10. Nb3 b5 11. Bh6 Bb7 12. O-O-O Rc8 13. Bxg7 Kxg7 14. h4 1-0

[Event "AUTO-ADV-1550"]
[Site "http://www.queenalice.com/game.php?id=687793"]
[Date "2009.11.24"]
[Round "1"]
[White "bienopia"]
[Black "policialsergio"]
[Result "1-0"]
[WhiteElo "1877"]
[BlackElo "1592"]

1. d4 d5 2. f4 Nf6 3. Nf3 Bg4 4. e3 Nbd7 5. Be2 e6 6. O-O c5 7. c3 Ne4 8. Nbd2
Ndf6 9. Bd3 Bd6 10. Bb5+ Nd7 11. Qa4 Nxd2 12. Bxd2 1-0

[Event "AUTO-ADV-1550"]
[Site "http://www.queenalice.com/game.php?id=687794"]
[Date "2009.11.24"]
[Round "1"]
[White "policialsergio"]
[Black "bienopia"]
[Result "0-1"]
[WhiteElo "1587"]
[BlackElo "1882"]

1. d4 h6 2. e4 c6 3. Nc3 a6 4. Bc4 e6 5. Nf3 d5 6. exd5 cxd5 7. Bd3 Bb4 8. Bd2
Nc6 9. O-O Nf6 10. Ne2 Bxd2 11. Qxd2 Bd7 0-1

[Event "AUTO-ADV-1550"]
[Site "http://www.queenalice.com/game.php?id=687811"]
[Date "2009.11.24"]
[Round "1"]
[White "policialsergio"]
[Black "Tchecmaurice"]
[Result "0-1"]
[WhiteElo "1600"]
[BlackElo "1957"]

1. d4 Nf6 2. c4 e6 3. Bg5 c5 4. d5 d6 5. e4 Qa5+ 6. Nc3 Nxe4 7. Bd2 Nxd2 8. Qxd2
g6 9. Bd3 Bg7 10. Nge2 O-O 11. O-O exd5 12. cxd5 Nd7 13. Rad1 Ne5 14. f4 Nxd3
15. Qxd3 Bf5 16. Qb5 Qc7 17. Qc4 Rfe8 18. Nb5 Qe7 19. Ng3 a6 20. Rde1 axb5 21.
Rxe7 bxc4 22. Nxf5 gxf5 23. Rxe8+ Rxe8 24. h3 Re2 0-1

[Event "AUTO-ADV-1550"]
[Site "http://www.queenalice.com/game.php?id=687812"]
[Date "2009.11.24"]
[Round "1"]
[White "Tchecmaurice"]
[Black "policialsergio"]
[Result "1-0"]
[WhiteElo "1955"]
[BlackElo "1602"]

1. e4 c5 2. Nf3 d6 3. d4 cxd4 4. Nxd4 Nf6 5. Nc3 a6 6. Be3 g6 7. Qd2 Bg7 8. Be2
O-O 9. g4 Nxg4 10. Bxg4 Bxg4 11. h3 Bh5 12. f3 Bxd4 13. Bxd4 Bxf3 14. Rf1 Bh5
15. Ne2 Nc6 16. Bc3 b5 17. O-O-O b4 18. Bd4 Nxd4 19. Nxd4 Bxd1 20. Qxd1 Qa5 21.
Kb1 Qe5 22. Nc6 Qxe4 23. Re1 Qxc6 24. h4 h5 25. Rxe7 Rfe8 26. Rxe8+ Rxe8 27. b3
1-0

[Event "AUTO-ADV-1550"]
[Site "http://www.queenalice.com/game.php?id=687814"]
[Date "2009.11.24"]
[Round "1"]
[White "geisonm"]
[Black "policialsergio"]
[Result "1-0"]
[WhiteElo "1628"]
[BlackElo "1726"]

1. e4 e5 2. Nf3 Nc6 3. Bc4 d6 4. d3 Bg4 5. Bg5 Be7 6. h4 Bxg5 7. hxg5 Nd4 8. c3
Bxf3 9. gxf3 Ne6 10. d4 Qxg5 11. d5 1-0

[Event "AUTO-ADV-1551"]
[Site "http://www.queenalice.com/game.php?id=688403"]
[Date "2009.11.25"]
[Round "1"]
[White "policialsergio"]
[Black "zemorais"]
[Result "0-1"]
[WhiteElo "1754"]
[BlackElo "1787"]

1. e4 e6 2. d4 d5 3. Nc3 Bb4 4. Bd3 c6 5. Ne2 Ne7 6. O-O Bxc3 7. Nxc3 Ng6 8.
exd5 cxd5 9. f4 f5 10. Qe1 O-O 11. Rf3 Qb6 12. Ne2 Nc6 13. c3 Qd8 14. Rh3 h6 15.
Kh1 Qf6 16. Be3 Bd7 17. Qf2 Be8 18. Rg1 Bf7 19. g4 fxg4 20. Rxg4 Nce7 21. Rhg3
h5 22. Rg5 h4 23. Rg1 Nf5 24. Bxf5 exf5 25. Nc1 Qe6 26. Nd3 Qe4+ 27. Qg2 Qxe3
28. Ne5 Qe4 29. Nxg6 Bxg6 30. Rxg6 Rf7 31. Qxe4 fxe4 32. h3 Re8 0-1

[Event "AUTO-ADV-1551"]
[Site "http://www.queenalice.com/game.php?id=688404"]
[Date "2009.11.25"]
[Round "1"]
[White "zemorais"]
[Black "policialsergio"]
[Result "1-0"]
[WhiteElo "1802"]
[BlackElo "1739"]

1. e4 c5 2. Nf3 d6 3. d3 Nc6 4. c3 Bg4 5. Be2 Nf6 6. O-O e6 7. Bg5 Be7 8. Nfd2
Bxe2 9. Qxe2 O-O 10. Nf3 h6 11. Bf4 Ng4 12. Bg3 Nge5 13. Nbd2 b5 14. Nxe5 Nxe5
15. Nf3 Nxf3+ 16. Qxf3 e5 17. Rad1 Qd7 18. Rd2 f5 19. exf5 Qxf5 20. Qxf5 Rxf5
21. Re2 Bg5 22. Re4 Re8 23. Rfe1 Kf7 24. d4 Bf4 25. Bxf4 Rxf4 26. Rxf4+ exf4 27.
Rxe8 Kxe8 28. dxc5 dxc5 29. f3 Ke7 30. Kf2 Ke6 31. Ke2 Kd5 32. b3 1-0

[Event "AUTO-ADV-1551"]
[Site "http://www.queenalice.com/game.php?id=688405"]
[Date "2009.11.25"]
[Round "1"]
[White "policialsergio"]
[Black "OnlyJoking"]
[Result "0-1"]
[WhiteElo "1822"]
[BlackElo "1703"]

1. e4 g6 2. d4 Bg7 3. c4 Nc6 4. Nf3 e5 5. d5 Nce7 6. Nc3 d6 7. h3 Nf6 8. Bd3 O-O
9. O-O c5 10. Nh2 a6 11. f4 exf4 12. Bxf4 Nd7 13. Bxd6 Bd4+ 14. Kh1 Ne5 15. Bxe5
Bxe5 16. Ng4 Bxg4 17. Qxg4 Qd6 18. Rab1 Nc8 0-1

[Event "AUTO-ADV-1551"]
[Site "http://www.queenalice.com/game.php?id=688406"]
[Date "2009.11.25"]
[Round "1"]
[White "OnlyJoking"]
[Black "policialsergio"]
[Result "1-0"]
[WhiteElo "1724"]
[BlackElo "1801"]

1. Nf3 d5 2. d4 Bg4 3. Ne5 Bh5 4. c3 Nd7 5. Bf4 Ngf6 6. Nf3 e6 7. e3 Bd6 8. Bxd6
cxd6 9. Be2 O-O 10. Nfd2 Bxe2 11. Qxe2 Qb6 12. b4 Rac8 13. a4 e5 14. O-O Rfe8
15. a5 Qd8 16. Nf3 e4 17. Nh4 Nf8 18. f4 Ng6 19. Nf5 h5 20. Qf2 1-0